000 00752nam a2200241Ia 4500
003 OSt
005 20220927105331.0
006 a|||||r|||| 00| 0
007 ta
008 220926b |||||||| |||| 00| 0 eng d
024 _a191858
037 _cReference Collections
040 _aRTL
_cRTL
_beng
041 _2eng
_aeng
082 _a"X9(F55).6, UN"
110 _aUNITED NATIONS ECONOMIC COMMISSION FOR AFRICA
245 0 _aFramework for enhanced government private sector cooperation in the development of energy
260 _aUnited
_bNations ECA
_c2000
300 _a"v,35p"
_ccm.
700 _aUNITED NATIONS ECONOMIC COMMISSION FOR AFRICA
942 _h"X9(F55).6, UN"
_cCC
999 _c691922
_d691922